Memoir Seorang Guru / (Record no. 204047)
[ view plain ]
| 000 -LEADER | |
|---|---|
| fixed length control field | 00880nam a2200253 i 4500 |
| 005 - DATE AND TIME OF LATEST TRANSACTION | |
| control field | 20260427124536.0 |
| 008 - FIXED-LENGTH DATA ELEMENTS--GENERAL INFORMATION | |
| fixed length control field | 260427s2025 my gr 000 fdmay d |
| 020 ## - INTERNATIONAL STANDARD BOOK NUMBER | |
| International Standard Book Number | 9786297561516 |
| Terms of availability | RM45.00 |
| Qualifying information | paperback |
| 040 ## - CATALOGING SOURCE | |
| Original cataloging agency | PPAK |
| Language of cataloging | eng |
| Transcribing agency | PPAK |
| Description conventions | rda |
| 082 04 - DEWEY DECIMAL CLASSIFICATION NUMBER | |
| Classification number | 899.2333 |
| Edition number | 23 |
| 090 00 - LOCALLY ASSIGNED LC-TYPE CALL NUMBER (OCLC); LOCAL CALL NUMBER (RLIN) | |
| Classification number (OCLC) (R) ; Classification number, CALL (RLIN) (NR) | 899.2333 |
| Feature heading | AZI |
| Feature heading | G |
| Classification number (OCLC) (R) ; Classification number, CALL (RLIN) (NR) | 899.2333 |
| Feature heading | AZI |
| Feature heading | KK |
| 100 0# - MAIN ENTRY--PERSONAL NAME | |
| Personal name | Azizi Haji Abdullah, |
| Dates associated with a name | 1942-2011, |
| Relator term | author. |
| 245 10 - TITLE STATEMENT | |
| Title | Memoir Seorang Guru / |
| Statement of responsibility, etc. | AZIZI HAJI ABDULLAH ; Editor Bahasa: Noor Suraya |
| 264 #1 - PRODUCTION, PUBLICATION, DISTRIBUTION, MANUFACTURE, AND COPYRIGHT NOTICE | |
| Place of production, publication, distribution, manufacture | Kajang, Selangor : |
| Name of producer, publisher, distributor, manufacturer | JIWA Sebuah imprin yang dimiliki oleh JT PUBLISHING HOUSE SDN BHD, |
| Date of production, publication, distribution, manufacture, or copyright notice | [2025?] |
| 300 ## - PHYSICAL DESCRIPTION | |
| Extent | v, 368 pages ; |
| Dimensions | 20 cm |
| 336 ## - CONTENT TYPE | |
| Content type term | text |
| Source | rdacontent |
| 337 ## - MEDIA TYPE | |
| Media type term | unmediated |
| Source | rdamedia |
| 338 ## - CARRIER TYPE | |
| Carrier type term | volume |
| Source | rdacarrier |
| 650 10 - SUBJECT ADDED ENTRY--TOPICAL TERM | |
| Topical term or geographic name entry element | Malay fiction. |
| Topical term or geographic name entry element | Malaysian fiction (Malay). |
| 700 0# - ADDED ENTRY--PERSONAL NAME | |
| Personal name | Noor Suraya, |
| Relator term | editor. |
| 942 ## - ADDED ENTRY ELEMENTS (KOHA) | |
| Source of classification or shelving scheme | Dewey Decimal Classification |
| Koha item type | Book |
No items available.